Elegir el futuro: un programa radical para la mejora sostenible de la calidad de vida; textos. Parte
Guardat en:
| Autor corporatiu: | |
|---|---|
| Format: | Desconegut |
| Publicat: |
Madrid:
IEPALA
|
| Edició: | 0 |
| Matèries: | |
| Etiquetes: |
Afegir etiqueta
Sense etiquetes, Sigues el primer a etiquetar aquest registre!
|
MARC
| LEADER | 00000 a2200000 04500 | ||
|---|---|---|---|
| 001 | 19270 | ||
| 003 | |||
| 008 | 991231s d | ||
| 040 | |||
| 090 | |a 145504 | ||
| 110 | |a Comisión Independiente sobre Población y Calidad de Vida | ||
| 245 | |a Elegir el futuro: un programa radical para la mejora sostenible de la calidad de vida; textos. Parte | ||
| 250 | |a 0 | ||
| 260 | |a Madrid: |b IEPALA | ||
| 300 | |a 332 p. | ||
| 650 | |a SOCIEDAD | ||
| 650 | |a PARTICIPACION SOCIAL | ||
| 650 | |a GRUPOS ETNICOS | ||
| 650 | |a MOVIMIENTOS SOCIALES | ||
| 650 | |a AYUDA ESTATAL | ||
| 650 | |a CAPITAL | ||
| 650 | |a ASPECTOS FINANCIEROS | ||
| 650 | |a POLITICA FINANCIERA | ||
| 999 | |c 15273 |d 15273 | ||
